La muerte de Danton
Na minha lista:
| Autor principal: | |
|---|---|
| Formato: | Livro |
| Idioma: | espanhol |
| Publicado em: |
Buenos Aires, Argentina
Nueva Visión
1960
|
| Colecção: | Lesange de Teatro Universal.
85 |
| Assuntos: | |
| Tags: |
Adicionar Tag
Sem tags, seja o primeiro a adicionar uma tag!
|
MARC
| LEADER | 00000nam a2200000 a 4500 | ||
|---|---|---|---|
| 001 | UCV7920 | ||
| 003 | CL-VaPUC | ||
| 005 | 20241212102529.0 | ||
| 008 | 900308e19600000AG |||||||||||||||||spa|d | ||
| 999 | |c 213523 |d 213521 | ||
| 040 | |c Pontificia Universidad Católica de Valparaíso | ||
| 082 | 0 | 4 | |a 832 BUC 1960 |2 21 |
| 100 | 0 | |a Büchner, Georg |9 302012 | |
| 245 | 1 | 3 | |a La muerte de Danton |
| 246 | 1 | 0 | |a Leonce y Lena |
| 246 | 1 | 0 | |a Woyzeck |
| 260 | 0 | 3 | |a Buenos Aires, Argentina |b Nueva Visión |c 1960 |
| 300 | |a 142 páginas | ||
| 490 | 0 | |a Lesange de Teatro Universal. |v 85 | |
| 583 | |a last modification |c 19900308 00:00:00 |k Rodrigo Vera | ||
| 650 | 0 | |a Teatro alemán |9 265742 | |
| 650 | 0 | |a Dramas alemanes |9 266681 | |
| 942 | |c BK |2 ddc | ||
| 945 | |d 19900308 00:00:00 | ||
| 952 | |0 0 |1 0 |2 ddc |4 0 |6 832_000000000000000_BUC_1960 |7 0 |8 P |9 195988 |a BIBARQ |b BIBARQ |d 2019-11-14 |i 2639513 |o 832 BUC 1960 |p 2639513 |r 2025-01-20 |t 1 |w 2019-11-14 |y BK |k ARQ | ||
| 952 | |0 0 |1 0 |2 ddc |4 0 |6 832_000000000000000_BUC_1960 |7 0 |8 A |9 195989 |a BIBEDU |b BIBEDU |d 2019-11-14 |i 1234269 |o 832 BUC 1960 |p 1234269 |r 2023-01-12 |t 2 |w 2019-11-14 |y BK |k MUS | ||